Normal view MARC view

Entry Nombre personal

Number of records used in: 4

001 - NÚMERO DE CONTROL

  • campo de control: 24284

003 - IDENTIFICADOR DE NÚMERO DE CONTROL

  • campo de control: OSt

005 - FECHA Y HORA DE LA ÚLTIMA TRANSACCIÓN

  • campo de control: 20230222191929.0

008 - ELEMENTOS DE DATO DE LONGITUD-FIJA

  • campo de control de longitud fija: 070416 n acnnnaaan n bnn d

040 ## - FUENTE DE CATALOGACIÓN

  • Centro catalogador/agencia de origen: OSt
  • Centro/agencia transcriptor: OSt

100 10 - ENCABEZAMIENTO-NOMBRE DE PERSONA

  • Nombre de persona: Azeglio, Massimo d'

400 00 - TRAZADO DE VÉASE--NOMBRE DE PERSONA

  • Nombre de persona: Azeglio, Massimo Taparelli
  • Títulos y otros términos asociados al nombre: marchese d'

400 00 - TRAZADO DE VÉASE--NOMBRE DE PERSONA

  • Nombre de persona: Azeglio, Massimo Taparelli d'

400 00 - TRAZADO DE VÉASE--NOMBRE DE PERSONA

  • Nombre de persona: D'Azeglio, Massimo

400 00 - TRAZADO DE VÉASE--NOMBRE DE PERSONA

  • Nombre de persona: Taparelli, Massimo
  • Títulos y otros términos asociados al nombre: marchese D'Azeglio

400 1# - TRAZADO DE VÉASE--NOMBRE DE PERSONA

  • Nombre de persona: Azeglio, Massimo Taparelli, Marchese d' (
  • Fechas asociadas al nombre: 1798-1866)

400 1# - TRAZADO DE VÉASE--NOMBRE DE PERSONA

  • Nombre de persona: Taparelli, Massino
  • Títulos y otros términos asociados al nombre: Marchese d'Azeglio